| Registos Bibliográficos associados ao registo de autoridade |
|
Etiqueta de registo: 00905ckm 2200205 450 001 324270 003 http://id.bnportugal.gov.pt/bib/catbnp/324270 005 19981229000000.0 095 ## $aPTBN00340359 100 ## $a19911119d1991 am a0pory0103 ba 101 0# $apor 102 ## $aPT 200 1# $aDesporto escolar, voleibol, juvenis masculinos, 3 - 5 maio 1991$b[Visual gráfico]$fMinistério da Educação - Direcção Geral do Ensino Básico e Secundário, Gabinete Coordenador
do Desporto Escolar 210 #9 $a[Lisboa]$cD.G.E.B.S.,$d1991 215 ## $a1 cartaz$ccolor.$d42x30 cm 317 ## $aColeção Madeira Luís$5PTBN: CT. 17164 V. 606 ## $aVoleibol$xCompetições desportivas$yTorres Novas (Portugal)$z1991$x[Cartazes]$2SIPOR$341426 675 ## $a796.32(469.421)"1991"(084.5)$vBN$zpor$3474038 675 ## $a766(=1:469)"199"(084.5)$vBN$zpor$31285670 710 01 $aPortugal.$bDirecção Geral do Ensino Básico e Secundário$329218 711 01 $aPortugal.$bGabinete Coordenador do Desporto Escolar.$bDelegação de Santarém$4070$336506 801 #0 $aPT$bBN$gRPC 966 ## $lBN$mICONOG$sCT. 4161 V.$x1 966 ## $lBN$mICONOG$sCT. 17164 V.$x3
|
|
|